000 01508nam a2200337 c 4500
003 BLK
005 20240711134950.0
008 180409b bul|||||r ||||||| ||bul||
010 _aKNG00137980000
020 _a978-954-655-219-8
_bиздат.: Бард
040 _aBLK
041 _aBUL
_cBUL
072 7 _2bullib
_aН83
_xЧужда художествена литература Н
080 _aАмериканска литература (на САЩ)
_b821.111(73)
_x-96
_z821.111(73)-96
100 1 _aРедфийлд, Джеймс
_eпърви автор
_9115754
700 1 _aКръстева, Мария
_d1957 - 2011
_qГеоргиева, Мария Кръстева
_953160
139 _aРедфийлд, Джеймс
_bР 45
245 1 0 _aДванайсетото откровение
_bЧасът на решението
_cДжеймс Редфийлд; прев. Мария Кръстева.
257 _aUSA
260 София
_bБард
_c2011
_fХасково : Полиграфюг
300 _a272 с.
_c20 см
380 _aX
500 _aОриг. загл. The twelfth insight / James Redfield. - Пълното име на прев. е Мария Кръстева Георгиева. - Кн. 5 от Селестинската поредица.
659 _aН
852 _aЦб 257669
856 4 _qpdf
_u
856 4 _qpdf
_u
942 _cKNG
_n0
_07
944 _aCR
_c15.01.2013
_k30560
_lГеновева Генчева
944 _aED
_c22.05.2013
_k
999 _c132132
_d132132